Statistieken voor Willekeurige Amerikaanse Vlag naar Land

Klik hier om de quiz te nemen!

Algemene statistieken

  • Deze quiz is 236 keer genomen
  • De gemiddelde score is 6 van 8

Antwoordstatistieken

Antwoord% Correct
Argentinië
100%
Brazilië
100%
Canada
100%
Dominicaanse Republiek
100%
Ecuador
100%
Mexico
100%
Verenigde Staten
100%
Honduras
93%
Panama
93%
Venezuela
93%
Chili
92%
Suriname
91%
El Salvador
90%
Bahama's
89%
Haïti
89%
Paraguay
89%
Uruguay
88%
Saint Lucia
86%
Costa Rica
85%
Saint Vincent en de Grenadines
85%
Bolivia
83%
Guatemala
75%
Belize
71%
Saint Kitts en Nevis
71%
Jamaica
70%
Antigua en Barbuda
67%
Barbados
67%
Cuba
67%
Peru
67%
Colombia
64%
Grenada
62%
Dominica
60%
Guyana
57%
Nicaragua
50%
Trinidad andTobago
22%

Scoreverdeling

Percentiel versus Aantal Correcte Antwoorden

Procent van Mensen met Elke Score

Uw Scoregeschiedenis

U heeft deze quiz nog niet genomen